| 000 | 00544nam a22001817a 4500 | ||
|---|---|---|---|
| 003 | OSt | ||
| 005 | 20251023065007.0 | ||
| 008 | 251001b |||||||| |||| 00| 0 eng d | ||
| 020 | _a978-0-7506-8385-2. | ||
| 040 |
_aDWCL-Main lib _cOC |
||
| 082 | _aCirc. 647.94 In61 2008 | ||
| 245 | _aInternational dictionary of hospitality management | ||
| 260 |
_aUK : _bButterwoth-Heineman, _cc2008. |
||
| 300 |
_axii, 314 pages ; _c19 cm. |
||
| 504 | _aIncludes index. | ||
| 650 | _21. Hospitality industry-Dictionaries. | ||
| 942 |
_2ddc _cBK-CIRC _kCirc. _n0 |
||
| 999 |
_c4593 _d4593 |
||